[Event "RUS-Cup03 (Geller mem)"]
[Site "Moscow"]
[Date "1999.02.09"]
[Round "8"]
[White "Zakharevich, Igor"]
[Black "Eljanov, Pavel"]
[Result "1/2-1/2"]
[WhiteElo "2532"]
[BlackElo "2418"]
[PlyCount "112"]
[EventDate "1999.02.10"]
[Source "ChessBase"]
[SourceDate "1999.06.08"]

1. d4 Nf6 2. c4 g6 3. Nc3 d5 4. Bf4 Bg7 5. e3 O-O 6. cxd5 Nxd5 7. Nxd5 Qxd5 8. Bxc7 Na6 9. Bxa6 bxa6 10. Nf3 Qb7 11. Bg3 Qxb2 12. O-O Be6 13. Qc1 Qb7 14. Qa3 Bd5 15. Rfb1 Qc6 16. Qxe7 Bxf3 17. gxf3 Qxf3 18. Qb7 Qg4 19. Qg2 Qf5 20. Rb7 Rac8 21. Rxa7 Rc2 22. Rxa6 h5 23. a4 Kh7 24. Rc6 Rxc6 25. Qxc6 g5 26. a5 h4 27. Bd6 Rc8 28. Qg2 h3 29. Qf1 g4 30. a6 Ra8 31. Qb1 Qxb1+ 32. Rxb1 Rxa6 33. Bf4 f5 34. Kf1 Bf8 35. Rb7+ Kg6 36. Bg3 Bd6 37. f4 gxf3 38. Bxd6 Rxd6 39. Kf2 f4 40. Kxf3 fxe3 41. Kxe3 Ra6 42. Rb2 Kf5 43. Rf2+ Ke6 44. Ke4 Ra1 45. Rf3 Re1+ 46. Kd3 Rd1+ 47. Kc3 Ra1 48. Kc4 Rc1+ 49. Kd3 Rd1+ 50. Ke3 Ra1 51. Kf4 Rd1 52. Re3+ Kd5 53. Rxh3 Rxd4+ 54. Kf5 Rd2 55. Rh7 Rf2+ 56. Kg6 Ke6 1/2-1/2

[Event "it A"]
[Site "Montreal"]
[Date "2004.08.04"]
[Round "1"]
[White "Roussel Roozmon, Thomas"]
[Black "Tyomkin, Dimitri"]
[Result "1/2-1/2"]
[WhiteElo "2451"]
[BlackElo "2498"]
[PlyCount "63"]
[EventDate "2004.08.04"]
[Source "Roberto Alvarez"]
[SourceDate "2004.08.24"]

1. d4 Nf6 2. c4 g6 3. Nc3 d5 4. Bf4 Bg7 5. e3 O-O 6. cxd5 Nxd5 7. Nxd5 Qxd5 8. Bxc7 Nc6 9. Ne2 Bg4 10. f3 Rac8 11. Nc3 Qe6 12. Bf4 g5 13. Bxg5 Bf5 14. Bd3 Bxd4 15. Bxf5 Bxc3+ 16. bxc3 Qxf5 17. Bf4 Rfd8 18. Qe2 Nb4 19. O-O Rxc3 20. Rac1 Qd3 21. Qb2 Rxc1 22. Qxc1 Nxa2 23. Qc5 Nc3 24. Qg5+ Kf8 25. Be5 f6 26. Bxf6 exf6 27. Qxf6+ Kg8 28. Qe6+ Kg7 29. Qe7+ Kh8 30. Qf6+ Kg8 31. Qe6+ Kf8 32. Qf6+ 1/2-1/2

[Event "5th IECC"]
[Site "Antalya"]
[Date "2004.05.20"]
[Round "5"]
[White "Chatalbashev, Boris"]
[Black "Kristjansson, Stefan"]
[Result "1-0"]
[WhiteElo "2543"]
[BlackElo "2404"]
[PlyCount "199"]
[EventDate "2004.05.15"]
[Source "Roberto Alvarez"]
[SourceDate "2004.05.31"]

1. d4 Nf6 2. c4 g6 3. Nc3 d5 4. Bf4 Bg7 5. e3 O-O 6. cxd5 Nxd5 7. Nxd5 Qxd5 8. Bxc7 Na6 9. Bxa6 bxa6 10. Nf3 Qb7 11. Bf4 Qxb2 12. O-O Be6 13. Qc1 Qxc1 14. Rfxc1 Rac8 15. Bc7 Bd5 16. Rc5 Rfe8 17. Rxd5 Rxc7 18. Ra5 Rb8 19. Rxa6 Rb2 20. Rf1 e6 21. g4 Kf8 22. Kg2 Ke8 23. Kg3 Kd8 24. Ng5 h6 25. Ne4 Bf8 26. Rd1 Rb5 27. Rd3 Be7 28. Nc3 Rb6 29. Rxb6 axb6 30. d5 Rd7 31. e4 Bf6 32. Nb5 g5 33. f4 gxf4+ 34. Kxf4 Bb2 35. Rb3 Ba1 36. Rb1 Bg7 37. d6 f6 38. Rc1 Bf8 39. e5 Bg7 40. exf6 Bxf6 41. Re1 Bg5+ 42. Ke5 Rg7 43. Kxe6 Bh4 44. Rf1 Rg6+ 45. Kd5 Rxg4 46. Nd4 Rg5+ 47. Kc6 Rc5+ 48. Kxb6 Rc3 49. Rf3 Rc1 50. Nb5 Kd7 51. Rf7+ Ke6 52. Rh7 Bg5 53. a4 Ra1 54. a5 Bd8+ 55. Kc6 Rc1+ 56. Kb7 Bxa5 57. Rxh6+ Kd7 58. Rh7+ Ke6 59. Re7+ Kf6 60. Re2 Kf7 61. Nc7 Rd1 62. Kc6 Bb4 63. Nd5 Rc1+ 64. Kd7 Bc5 65. Re7+ Kg6 66. Nf4+ Kf5 67. Rf7+ Ke4 68. Ne2 Ra1 69. Kc6 Bxd6 70. Kxd6 Ra6+ 71. Kc5 Ke5 72. Ng3 Ra2 73. Rf5+ Ke6 74. Rh5 Kf6 75. Kd4 Kg6 76. Rh8 Kg7 77. Rh3 Kg6 78. Ne4 Kf5 79. Rf3+ Kg4 80. Rf2 Ra4+ 81. Ke3 Ra3+ 82. Ke2 Ra4 83. Nd2 Kh3 84. Nf1 Ra2+ 85. Kf3 Ra8 86. Ke4 Re8+ 87. Kd3 Rd8+ 88. Ke2 Re8+ 89. Ne3 Ra8 90. Kd3 Rd8+ 91. Ke4 Re8+ 92. Kf4 Rf8+ 93. Nf5 Ra8 94. Rd2 Ra1 95. Ne3 Rh1 96. Rd8 Kxh2 97. Ng4+ Kg2 98. Rd2+ Kf1 99. Ne3+ Kg1 100. Rg2# 1-0

[Event "Augsburg"]
[Site "?"]
[Date "1988.??.??"]
[Round "?"]
[White "Levitt, J."]
[Black "Lechtynsky, J."]
[Result "1-0"]
[WhiteElo "2490"]
[BlackElo "2455"]
[PlyCount "133"]
[EventDate "1988.??.??"]
[Source "ChessBase"]
[SourceDate "1989.01.01"]

1. d4 Nf6 2. c4 g6 3. Nc3 d5 4. Bf4 Bg7 5. e3 O-O 6. cxd5 Nxd5 7. Nxd5 Qxd5 8. Bxc7 Bf5 9. Ne2 Na6 10. Nc3 Qc6 11. Ba5 e5 12. d5 Qc5 13. Qa4 b6 14. Bxa6 bxa5 15. e4 Qb4 16. Qxb4 axb4 17. exf5 bxc3 18. bxc3 e4 19. Rc1 Rab8 20. c4 Bd4 21. O-O Rb6 22. Bb5 e3 23. Rfd1 exf2+ 24. Kf1 Bc5 25. a4 a5 26. Rc2 Kg7 27. Rxf2 Rd8 28. Rf3 Rf6 29. g4 h6 30. Ke2 gxf5 31. gxf5 Kf8 32. Rb1 Rb8 33. Rff1 Ke7 34. Kd3 Kd6 35. Rb2 Rb7 36. Re2 Rb8 37. Rg2 Rc8 38. Rf3 Ke5 39. Rh3 Rb8 40. Re2+ Kd6 41. Ke4 Rg8 42. Rg3 Rg5 43. Rxg5 hxg5 44. Be8 Ba7 45. Rg2 Ke7 46. Bb5 Rh6 47. Rxg5 Rxh2 48. Rg8 Rh4+ 49. Kf3 Rh3+ 50. Kg4 Rd3 51. Ra8 Bc5 52. Rxa5 Bd6 53. Ra6 Rg3+ 54. Kh4 Rf3 55. Rc6 Be5 56. a5 Rxf5 57. a6 Rf4+ 58. Kh3 Rf3+ 59. Kg2 Rg3+ 60. Kf1 Ra3 61. c5 Kd8 62. d6 Ra1+ 63. Ke2 Ra2+ 64. Kd3 f5 65. Rb6 Kc8 66. d7+ Kc7 67. Rb8 1-0

[Event "Saint-Vincent"]
[Site "?"]
[Date "2004.??.??"]
[Round "?"]
[White "Golod, V."]
[Black "Sarno, S."]
[Result "1-0"]
[WhiteElo "2540"]
[BlackElo "2395"]
[PlyCount "101"]
[EventDate "2004.??.??"]
[Source "Chess Informant"]
[SourceDate "2004.02.01"]

1. d4 Nf6 2. c4 g6 3. Nc3 d5 4. Bf4 Bg7 5. e3 O-O 6. cxd5 Nxd5 7. Nxd5 Qxd5 8. Bxc7 Nc6 9. Ne2 e5 10. dxe5 Qb5 11. f4 Qxb2 12. Qc1 Qxc1+ 13. Rxc1 Be6 14. Nd4 Nxd4 15. exd4 Rac8 16. Kd2 Bh6 17. g3 g5 18. Rg1 f6 19. exf6 Rxf6 20. Be5 Rxc1 21. Kxc1 Rf7 22. Kb2 Kf8 23. Be2 Ke7 24. Re1 gxf4 25. gxf4 Kd8 26. d5 Bxd5 27. Bh5 Bxf4 28. Bxf7 Bxe5+ 29. Rxe5 Bxf7 30. Ra5 a6 31. Kc3 Ke7 32. Kb4 Kd6 33. a3 Bg6 34. h4 Kc6 35. Rc5+ Kd6 36. Rg5 b6 37. h5 Bd3 38. h6 Kc6 39. Kc3 Bb1 40. Rg1 Ba2 41. Kd4 Kb5 42. Rg2 Bb3 43. Rb2 Ka4 44. Kc3 Bf7 45. Rxb6 a5 46. Rb7 Bg6 47. Rg7 Bf5 48. Rg5 Bb1 49. Rg1 Bf5 50. Rf1 Bg6 51. Rf6 1-0

[Event "RUS-ch sf"]
[Site "Krasnodar"]
[Date "1997.??.??"]
[Round "?"]
[White "Volzhin, Alexander"]
[Black "Turov, Maxim"]
[Result "1-0"]
[WhiteElo "2505"]
[BlackElo "2425"]
[PlyCount "65"]
[EventDate "1997.??.??"]
[Source "www.chesslib.no"]
[SourceDate "2004.05.04"]

1. d4 Nf6 2. c4 g6 3. Nc3 d5 4. Bf4 Bg7 5. e3 O-O 6. cxd5 Nxd5 7. Nxd5 Qxd5 8. Bxc7 Nc6 9. Ne2 Bg4 10. f3 Rac8 11. Nc3 Qe6 12. Bf4 Nxd4 13. fxg4 Rfd8 14. Bd3 Nc6 15. Qb1 Ne5 16. Be2 Nc4 17. O-O Rd2 18. Bxc4 Rxc4 19. Qc1 Bxc3 20. bxc3 Qd5 21. Rf2 Rxf2 22. Kxf2 Qc5 23. Kf1 g5 24. Bg3 Rxc3 25. Qd2 f6 26. Bf2 Qb5+ 27. Kg1 Rd3 28. Qe2 Qd7 29. h3 Rd2 30. Qf3 b5 31. e4 a5 32. e5 Kg7 33. Be3 1-0

[Event "20th Open"]
[Site "Cappelle la Grande"]
[Date "2004.02.29"]
[Round "2"]
[White "Eliet, Nicolas"]
[Black "Kovchan, Alexander"]
[Result "1/2-1/2"]
[WhiteElo "2413"]
[BlackElo "2509"]
[PlyCount "97"]
[EventDate "2004.02.28"]
[Source "Roberto Alvarez"]
[SourceDate "2004.03.08"]

1. d4 Nf6 2. c4 g6 3. Nc3 d5 4. Bf4 Bg7 5. e3 O-O 6. cxd5 Nxd5 7. Nxd5 Qxd5 8. Bxc7 Nc6 9. Ne2 Bg4 10. f3 Rac8 11. Nc3 Qe6 12. Bf4 Bxd4 13. fxg4 g5 14. Bxg5 Rfd8 15. Qc1 f6 16. Bf4 Nb4 17. Kf2 Bxc3 18. bxc3 Nxa2 19. Qe1 Nxc3 20. h3 b5 21. Kg3 b4 22. Ba6 Rc5 23. Qf1 b3 24. Bd3 a5 25. Bf5 Qb6 26. Bh6 b2 27. Ra3 Kf7 28. Bc2 Rd2 29. Bxh7 Qb8+ 30. Bf4 e5 31. Bg5 e4+ 32. Bf4 Qb7 33. Rxc3 Rxc3 34. Be5 Rxe3+ 35. Kh4 Qc6 36. Bf4 Red3 37. Bxd2 Rxd2 38. Qf5 Qd5 39. Qg6+ Ke7 40. Qxe4+ Qxe4 41. Bxe4 Re2 42. Bc6 Kd6 43. Ba4 Rxg2 44. Kh5 Kc5 45. Kg6 Kb4 46. Bd7 a4 47. Bxa4 Kxa4 48. Kxf6 Rh2 49. Rb1 1/2-1/2

[Event "4th Open A"]
[Site "Moscow RUS"]
[Date "2008.02.02"]
[Round "1"]
[White "Kachar, V."]
[Black "Belov, Vl"]
[Result "1/2-1/2"]
[WhiteElo "2342"]
[BlackElo "2578"]
[PlyCount "55"]
[EventDate "2008.02.02"]
[Source "www.chesslib.no"]
[SourceDate "2004.05.04"]

1. d4 Nf6 2. c4 g6 3. Nc3 d5 4. Bf4 Bg7 5. e3 O-O 6. cxd5 Nxd5 7. Nxd5 Qxd5 8. Bxc7 Na6 9. Bxa6 Qxg2 10. Qf3 Qxf3 11. Nxf3 bxa6 12. O-O Bb7 13. Nd2 Rfe8 14. f4 f6 15. Rac1 Bf8 16. Rc2 Rac8 17. Rfc1 Kf7 18. Kf2 Bh6 19. Ba5 g5 20. Rxc8 Rxc8 21. Rxc8 Bxc8 22. fxg5 Bxg5 23. Nf3 Bh6 24. Bb4 Ke6 25. Bc5 Kf5 26. Nd2 e6 27. Bxa7 Bb7 28. Bc5 1/2-1/2

[Event "EU-ch U20"]
[Site "Patras"]
[Date "2001.07.25"]
[Round "9"]
[White "Berkvens, Joost"]
[Black "Lupulescu, Constantin"]
[Result "1/2-1/2"]
[WhiteElo "2444"]
[BlackElo "2465"]
[PlyCount "84"]
[EventDate "2001.07.16"]
[Source "ChessBase"]
[SourceDate "2001.09.11"]

1. d4 Nf6 2. c4 g6 3. Nc3 d5 4. Bf4 Bg7 5. e3 O-O 6. cxd5 Nxd5 7. Nxd5 Qxd5 8. Bxc7 Na6 9. Bxa6 Qxg2 10. Qf3 Qxf3 11. Nxf3 bxa6 12. Rg1 Be6 13. Rg5 f5 14. Be5 Rfc8 15. Bxg7 Kxg7 16. Kd2 Rc7 17. Ne1 Rac8 18. f3 Bd5 19. Rg1 Kf6 20. Rf1 e5 21. dxe5+ Kxe5 22. Rc1 Bxa2 23. Rxc7 Rxc7 24. Nd3+ Kf6 25. Ra1 Bc4 26. Rc1 Rc6 27. f4 Bb5 28. Rxc6+ Bxc6 29. Kc3 Bb5 30. Nf2 g5 31. fxg5+ Kxg5 32. Kd4 Bf1 33. Ke5 a5 34. e4 fxe4 35. Nxe4+ Kh4 36. b3 Bd3 37. Nf6 h6 38. Ng8 h5 39. Nf6 Bc2 40. Kd4 Bxb3 41. Kc3 Bf7 42. Nxh5 Kxh5 1/2-1/2

[Event "Buenos Aires ol (Men)"]
[Site "Buenos Aires ARG"]
[Date "1978.??.??"]
[Round "7"]
[White "Fedder, Steen"]
[Black "Vadasz, Laszlo"]
[Result "1-0"]
[WhiteElo "2400"]
[BlackElo "2505"]
[PlyCount "115"]
[EventDate "1978.10.25"]
[Source "www.chesslib.no"]
[SourceDate "2004.05.04"]

1. d4 Nf6 2. c4 g6 3. Nc3 d5 4. Bf4 Bg7 5. e3 O-O 6. cxd5 Nxd5 7. Nxd5 Qxd5 8. Bxc7 Na6 9. Bxa6 Qxg2 10. Qf3 Qxf3 11. Nxf3 bxa6 12. Rc1 Bb7 13. Ke2 f6 14. Rc5 e6 15. Rhc1 Rf7 16. Bg3 Rd8 17. Ne1 Rfd7 18. Bc7 Re8 19. Nd3 Be4 20. R5c3 e5 21. dxe5 fxe5 22. Nc5 Rxc7 23. Nxe4 Rxc3 24. Rxc3 a5 25. Rc4 Re6 26. Ra4 Ra6 27. Kf3 Bf8 28. a3 Be7 29. b4 Bd8 30. b5 Re6 31. Rc4 Bb6 32. Rc6 Re7 33. a4 Kg7 34. Nd6 e4+ 35. Nxe4 Re5 36. Nd6 Rh5 37. Kg2 Rg5+ 38. Kf3 Rh5 39. Nc8 Rh4 40. Nxa7 Bxa7 41. Rc7+ Kh6 42. Rxa7 Rxa4 43. e4 g5 44. Ra6+ Kg7 45. h4 gxh4 46. b6 Rb4 47. Rxa5 Kg6 48. Kf4 h6 49. Ra6 Kh5 50. f3 Rb5 51. b7 Rxb7 52. Ra5+ Kg6 53. Kg4 Rb1 54. Ra6+ Kg7 55. Kxh4 Rg1 56. f4 Re1 57. e5 Rg1 58. Kh5 1-0

[Event "Foxwoods op"]
[Site "Mashantucket"]
[Date "1999.04.02"]
[Round "3"]
[White "Novikov, Igor A"]
[Black "Kriventsov, Stanislav G"]
[Result "1/2-1/2"]
[WhiteElo "2601"]
[BlackElo "2302"]
[PlyCount "132"]
[EventDate "1999.04.??"]
[Source "www.chesslib.no"]
[SourceDate "2004.05.04"]

1. d4 Nf6 2. c4 g6 3. Nc3 d5 4. Bf4 Bg7 5. e3 O-O 6. cxd5 Nxd5 7. Nxd5 Qxd5 8. Bxc7 Na6 9. Bxa6 Qxg2 10. Qf3 Qxf3 11. Nxf3 bxa6 12. Rg1 Bb7 13. Ke2 Rac8 14. Rac1 Rfe8 15. Rc5 Bf8 16. Rc3 e6 17. a3 f6 18. Rgc1 Kf7 19. Ne1 Ke7 20. Bg3 Rxc3 21. Rxc3 Rc8 22. Rxc8 Bxc8 23. Bb8 Kd7 24. Bxa7 Bd6 25. f4 g5 26. Nd3 gxf4 27. exf4 Kc6 28. Ke3 Kd5 29. Bc5 Bxc5 30. dxc5 Kc4 31. b4 Kb3 32. Kd4 Bd7 33. f5 exf5 34. Kd5 Bb5 35. Kd4 Bc6 36. Nf4 Kxa3 37. Kc4 Ka4 38. Nd5 f4 39. Nxf4 a5 40. bxa5 Kxa5 41. Nd5 f5 42. Ne7 Bb5+ 43. Kd4 f4 44. Ke4 Be8 45. Kxf4 Kb5 46. c6 Bxc6 47. Ng8 Be8 48. Nf6 Bg6 49. Kg5 Kc5 50. Kh6 Kd6 51. Nxh7 Bc2 52. Nf8 Ke7 53. Kg7 Bd1 54. h4 Be2 55. Ng6+ Ke8 56. Nf4 Bd1 57. Nd5 Be2 58. Ne3 Ke7 59. Nf5+ Ke8 60. Nd4 Bd1 61. Nc6 Be2 62. Nd4 Bd1 63. Ne6 Ke7 64. Nf4 Ke8 65. Ng6 Be2 66. Kf6 Bd1 1/2-1/2

[Event "Groningen Open"]
[Site "Groningen NED"]
[Date "1994.??.??"]
[Round "5"]
[White "Zoler, Dan"]
[Black "Beshukov, Sergei"]
[Result "1/2-1/2"]
[WhiteElo "2420"]
[BlackElo "2480"]
[PlyCount "39"]
[EventDate "1994.12.??"]
[Source "www.chesslib.no"]
[SourceDate "2004.05.04"]

1. d4 Nf6 2. c4 g6 3. Nc3 d5 4. Bf4 Bg7 5. e3 O-O 6. cxd5 Nxd5 7. Nxd5 Qxd5 8. Bxc7 Na6 9. Bxa6 Qxg2 10. Qf3 Qxf3 11. Nxf3 bxa6 12. O-O Bb7 13. Nd2 Rfe8 14. Rac1 Rac8 15. Rc5 e5 16. dxe5 Bf8 17. Rcc1 Bg7 18. Rc5 Bf8 19. Rcc1 Bg7 20. Rc5 1/2-1/2

[Event "Budapest HUN"]
[Site "?"]
[Date "2005.02.06"]
[Round "2"]
[White "Erdos Viktor"]
[Black "Fogarasi Tibor"]
[Result "1/2-1/2"]
[WhiteElo "2453"]
[BlackElo "2442"]
[PlyCount "63"]
[EventDate "2005.??.??"]
[Source "www.chesslib.no"]
[SourceDate "2004.05.04"]

1. d4 Nf6 2. c4 g6 3. Nc3 d5 4. Bf4 Bg7 5. e3 O-O 6. cxd5 Nxd5 7. Nxd5 Qxd5 8. Bxc7 Na6 9. Bxa6 Qxg2 10. Qf3 Qxf3 11. Nxf3 bxa6 12. Rc1 f6 13. Rg1 Bb7 14. Ke2 Rf7 15. Rc5 e6 16. Rgc1 Bf8 17. R5c3 Re8 18. Bg3 a5 19. Rc7 a4 20. a3 Rxc7 21. Rxc7 Re7 22. Nd2 Ba6+ 23. Kd1 Rxc7 24. Bxc7 Bd3 25. Nf3 Kf7 26. Ne1 Bb5 27. Kd2 Ke8 28. Bb8 a6 29. f3 Kd7 30. Nc2 g5 31. e4 h5 32. Ne3 1/2-1/2

[Event "IRI-ch"]
[Site "?"]
[Date "2000.??.??"]
[Round "10"]
[White "Bagheri Amir"]
[Black "Ghaem Maghami Ehsan"]
[Result "1/2-1/2"]
[WhiteElo "2405"]
[BlackElo "2485"]
[PlyCount "46"]
[EventDate "2000.??.??"]
[Source "www.chesslib.no"]
[SourceDate "2004.05.04"]

1. d4 Nf6 2. c4 g6 3. Nc3 d5 4. Bf4 Bg7 5. e3 O-O 6. cxd5 Nxd5 7. Nxd5 Qxd5 8. Bxc7 Na6 9. Bxa6 Qxg2 10. Qf3 Qxf3 11. Nxf3 bxa6 12. Rc1 f6 13. Rc5 Kf7 14. O-O Bb7 15. Nd2 Rfc8 16. Rfc1 Bf8 17. Bg3 Ke8 18. Rxc8+ Bxc8 19. Rc6 Bd7 20. Rc7 Kd8 21. Rc3 Rc8 22. Ne4 Be6 23. a3 Bd5 1/2-1/2

[Event "Oakham"]
[Site "?"]
[Date "1990.??.??"]
[Round "?"]
[White "Akopian, V."]
[Black "Ledger, A."]
[Result "1-0"]
[WhiteElo "2550"]
[BlackElo "2335"]
[PlyCount "99"]
[EventDate "1990.??.??"]
[Source "ChessBase"]
[SourceDate "1990.01.01"]

1. d4 Nf6 2. c4 g6 3. Nc3 d5 4. Bf4 Bg7 5. e3 O-O 6. cxd5 Nxd5 7. Nxd5 Qxd5 8. Bxc7 Na6 9. Bg3 Bf5 10. a3 Rac8 11. Nf3 Bc2 12. Qd2 Be4 13. Bd3 Bxf3 14. gxf3 Qxf3 15. O-O e5 16. dxe5 Nc5 17. Qe2 Qxe2 18. Bxe2 Nb3 19. Rad1 Rc2 20. Rfe1 Rxb2 21. Rd5 Nd2 22. Rd4 b5 23. Kg2 Nb1 24. Rb4 Rxb4 25. axb4 Nc3 26. Bf3 Rc8 27. Ra1 Bf8 28. Rxa7 Bxb4 29. Bg4 Re8 30. Bd7 Rd8 31. e6 f6 32. Bc7 Rf8 33. Ba5 Bxa5 34. e7 Rb8 35. Rxa5 Kf7 36. e8=Q+ Rxe8 37. Bxe8+ Kxe8 38. Ra7 h5 39. Kf3 g5 40. e4 Kf8 41. Ke3 h4 42. Kd3 Nd1 43. Ra2 b4 44. f3 Kf7 45. Rd2 Nc3 46. Kc4 Nb1 47. Rb2 Nc3 48. Kxb4 Nd1 49. Re2 f5 50. exf5 1-0

[Event "DSU"]
[Site "?"]
[Date "2000.02.15"]
[Round "?"]
[White "Sogaard Ove"]
[Black "Pribyl Josef (CZE)"]
[Result "1-0"]
[WhiteElo "2465"]
[BlackElo "2420"]
[PlyCount "89"]
[EventDate "2000.??.??"]
[Source "www.chesslib.no"]
[SourceDate "2004.05.04"]

1. d4 Nf6 2. c4 g6 3. Nc3 d5 4. Bf4 Bg7 5. e3 O-O 6. cxd5 Nxd5 7. Nxd5 Qxd5 8. Bxc7 Na6 9. Bxa6 Qxg2 10. Qf3 Qxf3 11. Nxf3 bxa6 12. Rc1 Be6 13. a3 Rfc8 14. O-O Bh3 15. Rfe1 f6 16. d5 Kf7 17. b3 h5 18. Rc4 Bf8 19. Rec1 Bd7 20. e4 e5 21. a4 Be7 22. Ne1 Ba3 23. R1c2 g5 24. Nd3 h4 25. R2c3 Bf8 26. d6 a5 27. Nc5 Be6 28. Nxe6 Kxe6 29. Rd3 Kd7 30. h3 a6 31. Kg2 Ra7 32. Bb6 Rxc4 33. bxc4 Rb7 34. c5 Kc6 35. Kf3 Rd7 36. Kg4 Bxd6 37. Rxd6+ Rxd6 38. cxd6 Kxb6 39. Kf5 g4 40. Ke6 gxh3 41. d7 h2 42. d8=Q+ Kc5 43. Qd1 Kb4 44. Kd5 Kc3 45. Qh1 1-0

[Event "Carlos Torre op 13th"]
[Site "Merida"]
[Date "2000.12.16"]
[Round "2"]
[White "Volzhin, Alexander"]
[Black "Ancheyta Tejas, Victor"]
[Result "1-0"]
[WhiteElo "2556"]
[BlackElo "2325"]
[PlyCount "57"]
[EventDate "2000.12.15"]
[Source "ChessBase"]
[SourceDate "2001.01.11"]

1. d4 Nf6 2. c4 g6 3. Nc3 d5 4. Bf4 Bg7 5. e3 O-O 6. cxd5 Nxd5 7. Nxd5 Qxd5 8. Bxc7 Na6 9. Bxa6 Qxg2 10. Qf3 Qxf3 11. Nxf3 bxa6 12. Rc1 Bb7 13. Ke2 a5 14. Rhd1 Bd5 15. a3 a4 16. Rc5 Be6 17. Ne1 Rfc8 18. Rdc1 a6 19. Nd3 Ra7 20. Bb6 Raa8 21. Rxc8+ Bxc8 22. Rc7 Bf5 23. Rxe7 Bxd3+ 24. Kxd3 Rb8 25. Bc7 Rc8 26. Rd7 Bf6 27. e4 Kf8 28. Bf4 Ke8 29. Rd6 1-0

[Event "Bundesliga 9798"]
[Site "Germany"]
[Date "1997.??.??"]
[Round "?.4"]
[White "Meins, Gerlef"]
[Black "Roos, Daniel"]
[Result "1/2-1/2"]
[WhiteElo "2460"]
[BlackElo "2420"]
[PlyCount "82"]
[EventDate "1997.10.??"]
[Source "ChessBase"]
[SourceDate "1999.07.01"]

1. d4 Nf6 2. c4 g6 3. Nc3 d5 4. Bf4 Bg7 5. e3 O-O 6. cxd5 Nxd5 7. Nxd5 Qxd5 8. Bxc7 Na6 9. Bxa6 Qxg2 10. Qf3 Qxf3 11. Nxf3 bxa6 12. Rc1 Bg4 13. Nd2 Rac8 14. f3 Be6 15. b3 f5 16. Ke2 g5 17. Rhg1 h6 18. f4 g4 19. Rc5 h5 20. Rgc1 h4 21. Kf2 Rf6 22. Be5 Rxc5 23. Rxc5 Rf8 24. Rc6 Bf7 25. Bxg7 Kxg7 26. Nc4 Bd5 27. Rxa6 Bxc4 28. bxc4 Rb8 29. Rxa7 Rb2+ 30. Kg1 Rb1+ 31. Kf2 Rb2+ 32. Kg1 h3 33. Rxe7+ Kf6 34. Re5 Rg2+ 35. Kh1 Rxa2 36. Kg1 Rg2+ 37. Kh1 Rc2 38. Kg1 Rc1+ 39. Kf2 Rc2+ 40. Kg1 Rc1+ 41. Kf2 Rc2+ 1/2-1/2

[Event "BL2-S 9293"]
[Site "GER"]
[Date "1992.??.??"]
[Round "?"]
[White "Levitt, Jonathan"]
[Black "Roos, Daniel"]
[Result "1/2-1/2"]
[WhiteElo "2460"]
[BlackElo "2410"]
[PlyCount "124"]
[EventDate "1992.10.??"]
[Source "www.chesslib.no"]
[SourceDate "2004.05.04"]

1. d4 Nf6 2. c4 g6 3. Nc3 d5 4. Bf4 Bg7 5. e3 O-O 6. cxd5 Nxd5 7. Nxd5 Qxd5 8. Bxc7 Na6 9. Bxa6 Qxg2 10. Qf3 Qxf3 11. Nxf3 bxa6 12. Rc1 Bg4 13. Nd2 Rac8 14. f3 Bd7 15. Kf2 g5 16. Rc5 f5 17. Rhc1 Rf6 18. Nb3 Rh6 19. Kg2 Kf7 20. Bg3 Rcc6 21. Bb8 g4 22. Bf4 gxf3+ 23. Kxf3 Rhg6 24. Na5 Rxc5 25. Rxc5 Rg1 26. b3 Bf6 27. Nc6 Rf1+ 28. Ke2 Rb1 29. Kd3 Rb2 30. Nb4 Bh4 31. Kc3 Rg2 32. Nd3 Rxa2 33. Ne5+ Ke8 34. Nxd7 Kxd7 35. Rxf5 a5 36. Bg3 Bxg3 37. hxg3 a4 38. bxa4 Rxa4 39. Rd5+ Ke6 40. Rh5 Ra3+ 41. Kd2 Ra2+ 42. Kd3 Rg2 43. Rxh7 Rxg3 44. Rh6+ Kf7 45. Ra6 Rh3 46. d5 Rh1 47. Kd4 Rb1 48. Rxa7 Rd1+ 49. Ke5 Rd2 50. e4 Rd1 51. Ra2 Rf1 52. Rd2 Ke8 53. Kd4 Rf4 54. Rh2 Rf1 55. Rh8+ Kd7 56. Ra8 Rd1+ 57. Ke5 Rh1 58. Ra4 Ke8 59. Ra3 Rb1 60. Kf4 Rf1+ 61. Rf3 Rxf3+ 62. Kxf3 e6 1/2-1/2

[Event "Dresden op"]
[Site "Dresden"]
[Date "1997.??.??"]
[Round "4"]
[White "Chekhov, Valery A"]
[Black "Seger, Ruediger"]
[Result "1/2-1/2"]
[WhiteElo "2530"]
[BlackElo "2340"]
[PlyCount "74"]
[EventDate "1997.??.??"]
[Source "www.chesslib.no"]
[SourceDate "2004.05.04"]

1. d4 Nf6 2. c4 g6 3. Nc3 d5 4. Bf4 Bg7 5. e3 O-O 6. cxd5 Nxd5 7. Nxd5 Qxd5 8. Bxc7 Na6 9. Bxa6 Qxg2 10. Qf3 Qxf3 11. Nxf3 bxa6 12. Rg1 Bb7 13. Ke2 Rac8 14. Rac1 f6 15. Rgd1 Bd5 16. b3 e6 17. Ne1 Rf7 18. Ba5 Rb8 19. Rd2 Bf8 20. Nd3 Rb5 21. b4 Rb8 22. a3 Bd6 23. h3 g5 24. f3 f5 25. Rdc2 Rbb7 26. Rc8+ Rf8 27. Rxf8+ Kxf8 28. Rc8+ Kg7 29. Nc5 Rf7 30. Re8 Bxc5 31. dxc5 Rf8 32. Rxf8 Kxf8 33. Bc7 Ke8 34. Bb8 Kd7 35. Bxa7 Kc6 36. a4 Bb3 37. a5 Bd5 1/2-1/2

[Event "RUS"]
[Site "?"]
[Date "2006.04.23"]
[Round "4"]
[White "Gutov Andrei"]
[Black "Slizhevsky Alexander"]
[Result "0-1"]
[WhiteElo "2417"]
[BlackElo "2435"]
[PlyCount "116"]
[EventDate "2006.??.??"]
[Source "www.chesslib.no"]
[SourceDate "2004.05.04"]

1. d4 Nf6 2. c4 g6 3. Nc3 d5 4. Bf4 Bg7 5. e3 O-O 6. cxd5 Nxd5 7. Nxd5 Qxd5 8. Bxc7 Nc6 9. Ne2 Bg4 10. f3 Rac8 11. Nc3 Qe6 12. Bf4 Nxd4 13. fxg4 Rfd8 14. Bd3 Nc6 15. Qb1 Nb4 16. Be2 Rxc3 17. bxc3 Bxc3+ 18. Kf2 Rd2 19. Rd1 Nd3+ 20. Kf1 Nxf4 21. Rxd2 Qxe3 22. Rd8+ Kg7 23. Bf3 Nh3 24. gxh3 Qxf3+ 25. Kg1 Qe3+ 26. Kg2 Qe2+ 27. Kg1 Be5 28. Rd3 Bxh2+ 29. Kh1 Be5 30. Kg1 f6 31. Qd1 Qh2+ 32. Kf1 Bxa1 33. Qf3 Qc7 34. Qd5 Bc3 35. Kg2 Bb4 36. g5 Qc2+ 37. Kf3 fxg5 38. Re3 Bc5 39. Qe5+ Kh6 40. Re2 Qc1 41. Re1 Qa3+ 42. Kg4 Qa4+ 43. Qe4 Qd7+ 44. Kg3 Qd6+ 45. Kg2 Qf4 46. Qxf4 gxf4 47. Re5 Bd6 48. Rb5 b6 49. Kf3 Kg7 50. a4 Kf6 51. a5 Bc7 52. a6 Ke6 53. Rb1 Kd7 54. Ke4 Bb8 55. Kd5 g5 56. Ke4 h6 57. Kf5 Kc6 58. Kg6 e5 0-1

[Event "POL-ch 41th"]
[Site "Poznan"]
[Date "1984.??.??"]
[Round "11"]
[White "Schmidt, Wlodzimierz"]
[Black "Swic, Waldemar"]
[Result "1-0"]
[WhiteElo "2485"]
[BlackElo "2365"]
[PlyCount "72"]
[EventDate "1984.02.12"]
[Source "ChessBase"]

1. d4 Nf6 2. c4 g6 3. Nc3 d5 4. Bf4 Bg7 5. e3 O-O 6. cxd5 Nxd5 7. Nxd5 Qxd5 8. Bxc7 Na6 9. Bxa6 bxa6 10. Nf3 Qb7 11. Bg3 Qxb2 12. O-O Bf5 13. Qc1 Qb6 14. Qa3 e6 15. Rfc1 Rfc8 16. Bd6 Qb5 17. h3 Be4 18. Nd2 Bb7 19. Bc5 e5 20. Rab1 Qd7 21. Qb2 Rc7 22. dxe5 Rac8 23. Bd4 Bd5 24. Nb3 Bf8 25. Rxc7 Rxc7 26. Rc1 Rxc1+ 27. Nxc1 a5 28. Qb8 Qc6 29. Nd3 Qb7 30. Qd8 Qa8 31. Qxa5 a6 32. Nf4 Be6 33. h4 Qc6 34. h5 g5 35. Nxe6 Qxe6 36. Qd8 Qe7 1-0

[Event "It (Open) INT"]
[Site "?"]
[Date "2006.05.06"]
[Round "?"]
[White "Grigorov Grigor"]
[Black "Rakhmanov Alexander"]
[Result "0-1"]
[WhiteElo "2407"]
[BlackElo "2442"]
[PlyCount "120"]
[EventDate "2006.??.??"]
[Source "www.chesslib.no"]
[SourceDate "2004.05.04"]

1. d4 Nf6 2. c4 g6 3. Nc3 d5 4. Bf4 Bg7 5. e3 O-O 6. cxd5 Nxd5 7. Nxd5 Qxd5 8. Bxc7 Na6 9. Bxa6 bxa6 10. Nf3 Qb7 11. Bg3 Qxb2 12. O-O Be6 13. Qc1 Qxc1 14. Rfxc1 Rfc8 15. Ne5 Bd5 16. a3 e6 17. f3 f5 18. Nd7 a5 19. Nc5 Bf8 20. Kf2 Kf7 21. Ke2 g5 22. Be5 h5 23. Kd3 g4 24. e4 Bc6 25. Rab1 Be7 26. Rc3 a4 27. Nb7 a6 28. Nc5 Bb5+ 29. Ke3 gxf3 30. gxf3 Rg8 31. Nd3 Rac8 32. Rbc1 Rxc3 33. Rxc3 fxe4 34. fxe4 Rg2 35. Nf4 Ra2 36. Rc7 Rxa3+ 37. Kd2 Ke8 38. Nxe6 Bb4+ 39. Kc2 Bd7 40. d5 Ra2+ 41. Kb1 Re2 42. Ng5 a3 43. Bc3 a2+ 44. Ka1 Bd6 45. Ra7 Bb5 46. Ra8+ Kd7 47. Ra7+ Kc8 48. Ra8+ Kb7 49. Rd8 Bc7 50. Re8 Bc4 51. Re7 Kc8 52. Ne6 Bd6 53. Re8+ Kb7 54. Rd8 Rc2 55. Rd7+ Kc8 56. Rd8+ Kb7 57. Rd7+ Kb6 58. Rxd6+ Kb5 59. Bd4 Rc1+ 60. Kb2 a1=Q# 0-1